Statistics for World War 2 nations

Click here to take the quiz!

General Stats

  • This quiz has been taken 14 times
    (6 since last reset)
  • The average score is 44 of 84

Answer Stats

ContinentAnswer% Correct
EuropeGermany
100%
EuropeSoviet Union
100%
OceaniaAustralia
83%
EuropeAustria
83%
EuropeBelgium
83%
AsiaChina
83%
EuropeFinland
83%
EuropeFrance
83%
EuropeHungary
83%
EuropeItaly
83%
AsiaJapan
83%
EuropePoland
83%
EuropeUK
83%
north americaUSA
83%
AsiaAfghanistan
67%
South americaBrazil
67%
north americaCanada
67%
north americaCuba
67%
EuropeCzechoslovakia
67%
EuropeEstonia
67%
EuropeGreece
67%
AsiaIran
67%
AsiaIraq
67%
EuropeIreland
67%
EuropeLatvia
67%
EuropeLithuania
67%
EuropeNetherlands
67%
OceaniaNew Zealand
67%
EuropeRomania
67%
AfricaSouth Africa
67%
EuropeSpain
67%
EuropeYugoslavia
67%
EuropeAlbania
50%
EuropeAndorra
50%
EuropeBulgaria
50%
EuropeDenmark
50%
AfricaEthiopia
50%
north americaHaiti
50%
AfricaLiberia
50%
EuropeLuxemburg
50%
north americaMexico
50%
AsiaMongolia
50%
north americaNicaragua
50%
EuropeNorway
50%
AsiaOman
50%
EuropePortugal
50%
AsiaSiam
50%
EuropeSweden
50%
EuropeSwitzerland‎
50%
AsiaTannu Tuva
50%
EuropeTurkey
50%
AsiaYemen
50%
South americaArgentina
33%
AsiaBhutan
33%
South americaBolivia
33%
South americaChile
33%
South americaColombia
33%
north americaCosta Rica
33%
north americaDominican Republic
33%
South americaEcuador
33%
north americaEl Salvador
33%
AsiaGuangxi
33%
north americaGuatamala
33%
north americaHonduras
33%
EuropeLiechtenstein
33%
AsiaManchukuo
33%
EuropeMonaco
33%
AsiaNepal
33%
north americaPanama
33%
South americaParaguay
33%
South americaPeru
33%
EuropeSan Marino
33%
AsiaSaudi Arabia
33%
AsiaShanxi
33%
AsiaSinkiang
33%
AsiaTibet
33%
South americaUruguay
33%
EuropeVatican City
33%
South americaVenezeula
33%
AsiaXibei San Ma
33%
AsiaYunnan
33%
AsiaBritish Raj
17%
AsiaChinese People's Republic
17%
AsiaMengkukuo
17%

Score Distribution

Percentile by Number Answered

Percent of People with Each Score

Your Score History

You have not taken this quiz since the last reset